| 000 | 00981nam a22003017a 4500 | ||
|---|---|---|---|
| 001 | BR7512008 | ||
| 003 | BR-BrBNA | ||
| 005 | 20230928084840.0 | ||
| 007 | ta | ||
| 008 | 230509b bl.||||| |||| 00| 0 por d | ||
| 040 |
_aBR-BrBNA _bpor _cBiblioteca Nacional de Agricultura |
||
| 041 | _a(Por) | ||
| 072 |
_aE70 _b0600 _b1300 _b0100 _b/G514 |
||
| 090 | _ 0600 BR7512008 | ||
| 110 | 1 | _aSuperintendencia do Desenvolvimento do Nordeste, Recife, PE (Brasil); | |
| 110 | 1 |
_aSecretaria da Agricultura, Teresina, PI (Brasil) _98533 |
|
| 245 | 1 |
_aAspectos da comercializacao de produtos horti-fruti-granjeiros e cereais na cidade de Teresina [Brasil] _bServico de Informacoes de Mercado - SIM |
|
| 260 | 3 |
_aTeresina, PI (Brasil): _c1974. |
|
| 300 | _a311 p. | ||
| 500 | _a64 tables; 67 graphs; 9 ref. | ||
| 650 | _aComercializacao | ||
| 650 | _aFruta | ||
| 650 | _aHortalica | ||
| 650 | _aCereal | ||
| 650 | _aTeresina | ||
| 909 |
_a202309 _bLucia _c55 _dLucia Elande |
||
| 942 | _cBK | ||
| 999 |
_c21446 _d21446 |
||